01205nam a22003257a 450000500170000000800410001701000100005801100100006803500100007808200150008810000290010324500130013226000410014530000190018649000640020550000120026959000410028159000410032259000410036359000420040465000270044683000880047390100070056194900600056894900600062894900600068894900600074894900540080899900170086220250322162306.0971010c19891982 r 00010 d a65621 a66593 a74993 a636.4bK6y00aKoeslag, Johan H.9636131 aPorcinos aMéxico :bTrillas,c1989 [c. 1982] a110 p.b: ilus 0aManuales para educación agropecuaria. Producción animal a1992/83 aBATCH-UPDb10c20130110lUCH01h2227 aBATCH-UPDb10c20130410lUCH01h1523 aBATCH-UPDb10c20130914lUCH01h1522 aCONVERSIONb10c20130109lUCH01h133614aGanado porcino.9453280 aManuales para educación agropecuaria. Área producción animal (Trillas)970694 aBK a636.4 K6ybZcLIBROd-67612eLIBROfc.2h1161i74993si a636.4 K6ybZcLIBROd-67613eLIBROfc.3h1162i74993si a636.4 K6ybZcLIBROd-67615eLIBROfc.4h1163i74993si a636.4 K6ybZcLIBROd-67616eLIBROfc.5h1164i74993si a636.4 K6ybZcLIBROd-7910eLIBROh1160i74993si c65621d65621